MARC

LEADER 00000nam0a2200000 4500
001 71766
005 20231031082911.0
010 |a 5939130097 
035 |a (RuTPU)RU\TPU\book\76494 
090 |a 71766 
100 |a 20041223d2005 m y0rusy50 ca 
101 0 |a rus 
102 |a RU 
105 |a a j 000zy 
200 1 |a Сборник задач по курсу математического анализа  |e учебное пособие  |f Г. Н. Берман 
210 |a Санкт-Петербург  |c Профессия  |d 2005 
215 |a 432 с.  |c ил. 
225 1 |a Специалист 
451 1 |0 (RuTPU)RU\TPU\book\120132  |y 5-93913-009-7  |t Сборник задач по курсу математического анализа  |o учебное пособие  |f Г. Н. Берман  |e 22-е изд., перераб.  |c СПб.  |n Профессия  |d 2006  |p 432 с.  |a Берман, Георгий Николаевич 
451 1 |0 (RuTPU)RU\TPU\book\110909  |y 5-93913-009-7  |t Сборник задач по курсу математического анализа  |o учебное пособие  |f Г. Н. Берман  |c СПб.  |n Профессия  |d 2004  |p 432 с.  |s Специалист  |a Берман, Георгий Николаевич 
610 1 |a математический анализ 
610 1 |a функции 
610 1 |a пределы 
610 1 |a непрерывность 
610 1 |a производные 
610 1 |a дифференциалы 
610 1 |a дифференциальные исчисления 
610 1 |a исследования 
610 1 |a графики 
610 1 |a определенные интегралы 
610 1 |a неопределенные интегралы 
610 1 |a интегральные исчисления 
610 1 |a несобственные интегралы 
610 1 |a ряды 
610 1 |a функции нескольких переменных 
610 1 |a переменные 
610 1 |a многомерные интегралы 
610 1 |a кратное интегрирование 
610 1 |a криволинейные интегралы 
610 1 |a интегралы по поверхности 
610 1 |a дифференциальные уравнения 
610 1 |a тригонометрические ряды 
610 1 |a теория поля 
675 |a 517(076)  |v 3 
700 1 |a Берман  |b Г. Н.  |g Георгий Николаевич 
801 1 |a RU  |b 63413507  |c 20041223  |g PSBO 
801 2 |a RU  |b 63413507  |c 20220831  |g PSBO 
942 |c BK 
959 |a 40/20050414  |d 4  |e 92  |f НФ:4